000 00566nam a22001697a 4500
003 SGT
020 _a9789350716946
082 _a336,DAT
100 _aDATEY,V.S
245 _aINDIRECT TAXES LAW AND PRACTICE
_bPART 1ST & PART 2ND
250 _a35TH
260 _aNEW DE,LHI
_bTAXMAN
_c2015
300 _a414
650 _aPUBLIC FINANCE, TAX
653 _aLIABILITY OF CENTRAL EXCISE DUTY,MANUFACTURE AND PRODUCTION,CLASSIFICATION OF GOODS,TRANSACTION VALUE IN EXCISE,VALUATION RULES,OVERVIEW OF CENVAT, DEMANDS OF DUTY,CUSTOMS PROCEDURES
942 _2ddc
_cFCM
_01
999 _c9220
_d9220